| 000 | 00000nam##2200000za#4500 |
| 001 | 9.570627 |
| 003 | CaOODSP |
| 005 | 20230629103825 |
| 007 | cr ||||||||||| |
| 008 | 150406|2003||||xxc|||||o f|0| 0 eng|d |
| 040 | |aCaOODSP|beng |
| 043 | |an-cn--- |
| 086 | 1 |aYC11-0/372-15E-PDF |
| 110 | 1 |aCanada. |bParliament. |bSenate. |bStanding Committee on Banking, Trade and Commerce. |
| 245 | 10|aDebtors and creditors sharing the burden : |h[electronic resource]|ba review of the Bankruptcy and Insolvency Act and the Companies' Creditors Arrangement Act / |cThe Honourable Richard H. Kroft, chair; The Honourable David Tkachuk, deputy chair. |
| 246 | 3 |aReport of the Standing Senate Committee on Banking, Trade and Commerce |
| 260 | |aOttawa - Ontario : |bSenate. |cNovember 2003. |
| 300 | |a276p. |
| 490 | 1 |aReport of the Standing Senate Committee on Banking, Trade and Commerce|v[37th Parliament, 2nd Session, 15th report] |
| 590 | |a11-12-Supp|b2011-07-29 |
| 775 | 08|tLes débiteurs et les créanciers doivent se partager le fardeau : |w(CaOODSP)9.601275 |
| 830 | #0|aReport of the Standing Senate Committee on Banking, Trade and Commerce ;|v[37th Parliament, 2nd Session, 15th report]|w(CaOODSP)9.505261 |
| 856 | 40|ahttp://publications.gc.ca|qPDF|s1.77 MB|uhttps://publications.gc.ca/collections/collection_2011/sen/yc11-0/YC11-0-372-15-eng.pdf|y[37th Parliament, 2nd Session, 15th report] |